[Event "6th Porticcio Open 2019"]
[Site "Porticcio"]
[Date "2019.07.01"]
[Round "4.3"]
[White "Onischuk, Vladimir"]
[Black "Cornette, Matthieu"]
[Result "1-0"]
[WhiteElo "2630"]
[BlackElo "2548"]
[Annotator "ChessBase"]
[PlyCount "81"]
[EventDate "2019.06.23"]
[EventType "swiss"]
[EventCountry "FRA"]
[SourceTitle "playchess.com"]
[Source "ChessBase"]
[SourceQuality "1"]
[TimeControl "5400+30"]

1. e4 {[%emt 0:01:18]} e6 {[%emt 0:00:00]} 2. d4 {[%emt 0:01:45]} d5 {[%emt 0:00:00]} 3. Bd3 {[%emt 0:02:53]} dxe4 {[%emt 0:00:40]} 4. Bxe4 {[%emt 0:00:14]} Nf6 {[%emt 0:00:11]} 5. Bf3 {[%emt 0:00:04]} c5 {[%emt 0:00:53]} 6. Ne2 {[%emt 0:00:14]} Be7 {[%emt 0:00:58]} 7. Nbc3 {[%emt 0:00:59]} O-O {[%emt 0:01:08]} 8. d5 {[%emt 0:00:21]} exd5 {[%emt 0:01:18]} 9. Nxd5 {[%emt 0:00:05]} Nxd5 {[%emt 0:00:07]} 10. Qxd5 {[%emt 0:00:05]} Nc6 {[%emt 0:01:23]} 11. Qxd8 {[%emt 0:00:12]} Rxd8 {[%emt 0:01:02]} 12. Bxc6 {[%emt 0:00:22]} bxc6 {[%emt 0:00:07]} 13. Bd2 {[%emt 0:00:04]} Bh4 {[%emt 0:32:39]} 14. Ng3 {[%emt 0:08:45]} Re8+ {[%emt 0:06:12]} 15. Be3 {[%emt 0:02:08]} Bg4 {[%emt 0:01:07]} 16. Kd2 {[%emt 0:07:55]} Rad8+ {[%emt 0:11:14]} 17. Kc1 {[%emt 0:00:22]} c4 {[%emt 0:10:23]} 18. a4 {[%emt 0:06:46]} a6 {[%emt 0:04:10]} 19. a5 {[%emt 0:01:13]} Bxg3 {[%emt 0:06:51]} 20. hxg3 {[%emt 0:00:09]} Be6 {[%emt 0:00:10]} 21. Bb6 {[%emt 0:03:23]} Rd5 {[%emt 0:00:55]} 22. Re1 {[%emt 0:02:39]} Kf8 {[%emt 0:00:49]} 23. Ra3 {[%emt 0:02:13]} Bg4 {[%emt 0:00:58]} 24. Rh1 {[%emt 0:03:27]} Rh5 {[%emt 0:04:58]} 25. Rg1 {[%emt 0:05:54]} Rhe5 {[%emt 0:00:40]} 26. Be3 {[%emt 0:09:24]} Rd5 {[%emt 0:01:01]} 27. Ra4 {[%emt 0:00:30]} Red8 {[%emt 0:01:54]} 28. b3 {[%emt 0:01:34]} Rd1+ {[%emt 0:03:41]} 29. Rxd1 {[%emt 0:00:08]} Rxd1+ {[%emt 0:00:01]} 30. Kb2 {[%emt 0:00:04]} Be6 {[%emt 0:02:11]} 31. bxc4 {[%emt 0:00:57]} Ke7 {[%emt 0:00:04]} 32. Rb4 {[%emt 0:00:45]} Kd6 {[%emt 0:03:16]} 33. c5+ {[%emt 0:02:54]} Kd5 {[%emt 0:00:03]} 34. Rb6 {[%emt 0:00:49]} Bc8 {[%emt 0:00:06]} 35. Rb8 {[%emt 0:00:18]} Bg4 {[%emt 0:00:05]} 36. Rb7 {[%emt 0:01:46]} Bh5 {[%emt 0:03:49]} 37. g4 {[%emt 0:03:45]} Bxg4 {[%emt 0:00:16]} 38. Rxf7 {[%emt 0:00:07]} Re1 {[%emt 0:00:43]} 39. c4+ {[%emt 0:06:34]} Ke5 {[%emt 0:01:19]} 40. Rxg7 {[%emt 0:01:43]} h5 {[%emt 0:00:02]} 41. Ra7 {[%emt 0:02:08] Kd5} 1-0

[Event "6th Porticcio Open 2019"]
[Site "Porticcio"]
[Date "2019.07.01"]
[Round "4.5"]
[White "Vocaturo, Daniele"]
[Black "Yankelevich, Lev"]
[Result "0-1"]
[WhiteElo "2612"]
[BlackElo "2484"]
[Annotator "ChessBase"]
[PlyCount "86"]
[EventDate "2019.06.23"]
[EventType "swiss"]
[EventCountry "FRA"]
[SourceTitle "playchess.com"]
[Source "ChessBase"]
[SourceQuality "1"]
[TimeControl "5400+30"]

1. e4 {[%emt 0:00:00]} e5 {[%emt 0:00:00]} 2. Nf3 {[%emt 0:00:01]} Nf6 {[%emt 0:00:00]} 3. Nxe5 {[%emt 0:01:03]} d6 {[%emt 0:00:00]} 4. Nf3 {[%emt 0:00:06]} Nxe4 {[%emt 0:00:00]} 5. Nc3 {[%emt 0:00:22]} Nxc3 {[%emt 0:00:00]} 6. dxc3 {[%emt 0:00:08]} Be7 {[%emt 0:00:00]} 7. Be3 {[%emt 0:01:08]} O-O {[%emt 0:00:04]} 8. Qd2 {[%emt 0:00:12]} Nd7 {[%emt 0:00:04]} 9. O-O-O {[%emt 0:01:47]} c6 {[%emt 0:00:36]} 10. Kb1 {[%emt 0:02:48]} Re8 {[%emt 0:00:05]} 11. h4 {[%emt 0:04:44]} d5 {[%emt 0:00:03]} 12. Bd3 {[%emt 0:02:46]} Bc5 {[%emt 0:00:05]} 13. Bg5 {[%emt 0:03:46]} f6 {[%emt 0:13:59]} 14. Bf4 {[%emt 0:02:57]} Bf8 {[%emt 0:05:08]} 15. Rhe1 {[%emt 0:15:08]} Nc5 {[%emt 0:03:03]} 16. Nd4 {[%emt 0:00:22]} Nxd3 {[%emt 0:16:23]} 17. Qxd3 {[%emt 0:00:29]} Bg4 {[%emt 0:00:28]} 18. f3 {[%emt 0:02:19]} Bh5 {[%emt 0:00:08]} 19. Ne6 {[%emt 0:06:46]} Qd7 {[%emt 0:03:15]} 20. Nxf8 {[%emt 0:02:15]} Rxf8 {[%emt 0:00:19]} 21. c4 {[%emt 0:00:14]} Bf7 {[%emt 0:07:01]} 22. b3 {[%emt 0:02:49]} Rfe8 {[%emt 0:05:20]} 23. Qd4 {[%emt 0:02:00]} a6 {[%emt 0:04:13]} 24. Kb2 {[%emt 0:02:43]} h5 {[%emt 0:04:16]} 25. cxd5 {[%emt 0:07:18]} Qxd5 {[%emt 0:07:37]} 26. Qb6 {[%emt 0:03:32]} Qf5 {[%emt 0:00:22]} 27. Qc7 {[%emt 0:05:56]} Rec8 {[%emt 0:06:26]} 28. Qd6 {[%emt 0:02:19]} Re8 {[%emt 0:00:20]} 29. Qc7 {[%emt 0:04:23]} Rec8 {[%emt 0:00:04]} 30. Qd6 {[%emt 0:00:18]} Re8 {[%emt 0:00:29]} 31. Rxe8+ {[%emt 0:05:37]} Rxe8 {[%emt 0:00:05]} 32. Rd2 {[%emt 0:00:22]} c5 {[%emt 0:02:38]} 33. Qc7 {[%emt 0:02:20]} Be6 {[%emt 0:07:34]} 34. g3 {[%emt 0:02:29]} b5 {[%emt 0:01:51]} 35. Qc6 {[%emt 0:02:27]} Rc8 {[%emt 0:00:02]} 36. Qxa6 {[%emt 0:02:44]} c4 {[%emt 0:00:56]} 37. Re2 {[%emt 0:00:38]} Bf7 {[%emt 0:00:50]} 38. Qd6 {[%emt 0:01:29]} Kh7 {[%emt 0:01:57]} 39. bxc4 {[%emt 0:06:21]} bxc4 {[%emt 0:00:25]} 40. Qb4 {[%emt 0:01:48]} c3+ {[%emt 0:02:51]} 41. Ka1 {[%emt 0:00:25]} Rc4 {[%emt 0:01:54]} 42. Qb6 {[%emt 0:02:45]} Qd5 {[%emt 0:00:54]} 43. Re1 {[%emt 0:00:42]} Re4 {[%emt 0:00:21]} 0-1

[Event "6th Porticcio Open 2019"]
[Site "Porticcio"]
[Date "2019.07.01"]
[Round "4.6"]
[White "Guichard, Pauline"]
[Black "Lagarde, Maxime"]
[Result "0-1"]
[WhiteElo "2409"]
[BlackElo "2599"]
[Annotator "ChessBase"]
[PlyCount "112"]
[EventDate "2019.06.23"]
[EventType "swiss"]
[EventCountry "FRA"]
[SourceTitle "playchess.com"]
[Source "ChessBase"]
[SourceQuality "1"]
[TimeControl "5400+30"]

1. c4 {[%emt 0:00:00]} f5 {[%emt 0:00:22]} 2. Nc3 {[%emt 0:00:00]} Nf6 {[%emt 0:00:05]} 3. g3 {[%emt 0:00:05]} g6 {[%emt 0:00:11]} 4. Bg2 {[%emt 0:00:13]} Bg7 {[%emt 0:00:07]} 5. d3 {[%emt 0:00:14]} d6 {[%emt 0:00:37]} 6. e3 {[%emt 0:01:43]} O-O {[%emt 0:00:38]} 7. Nge2 {[%emt 0:00:09]} e5 {[%emt 0:01:15]} 8. O-O {[%emt 0:00:30]} Nc6 {[%emt 0:02:02]} 9. Rb1 {[%emt 0:04:54]} Be6 {[%emt 0:01:05]} 10. Nd5 {[%emt 0:08:15]} Bf7 {[%emt 0:03:42]} 11. Nec3 {[%emt 0:06:04]} Qd7 {[%emt 0:03:20]} 12. b4 {[%emt 0:07:48]} Nxd5 {[%emt 0:04:08]} 13. Nxd5 {[%emt 0:01:54]} Nd8 {[%emt 0:02:18]} 14. b5 {[%emt 0:04:17]} Ne6 {[%emt 0:01:15]} 15. f4 {[%emt 0:12:34]} Rfe8 {[%emt 0:10:54]} 16. Qc2 {[%emt 0:02:55]} Rac8 {[%emt 0:08:44]} 17. Nc3 {[%emt 0:06:17]} c6 {[%emt 0:02:14]} 18. bxc6 {[%emt 0:00:37]} bxc6 {[%emt 0:00:07]} 19. fxe5 {[%emt 0:00:54]} dxe5 {[%emt 0:01:15]} 20. Ba3 {[%emt 0:00:31]} Red8 {[%emt 0:08:00]} 21. Rfd1 {[%emt 0:02:22]} g5 {[%emt 0:04:14]} 22. Na4 {[%emt 0:02:42]} Bh5 {[%emt 0:05:46]} 23. Rd2 {[%emt 0:02:03]} f4 {[%emt 0:04:45]} 24. Nc5 {[%emt 0:06:58]} Nxc5 {[%emt 0:07:49]} 25. Bxc5 {[%emt 0:00:07]} Bg6 {[%emt 0:04:11]} 26. e4 {[%emt 0:15:34]} g4 {[%emt 0:02:09]} 27. Rdd1 {[%emt 0:03:14]} h5 {[%emt 0:03:28]} 28. Qf2 {[%emt 0:00:31]} Rf8 {[%emt 0:01:03]} 29. d4 {[%emt 0:06:12]} fxg3 {[%emt 0:06:50]} 30. Qxg3 {[%emt 0:00:05]} exd4 {[%emt 0:02:22]} 31. Bxf8 {[%emt 0:00:06]} Rxf8 {[%emt 0:00:04]} 32. Rb8 {[%emt 0:00:13]} Rxb8 {[%emt 0:01:38]} 33. Qxb8+ {[%emt 0:00:06]} Kh7 {[%emt 0:00:03]} 34. c5 {[%emt 0:02:50]} Qe7 {[%emt 0:02:33]} 35. Qd6 {[%emt 0:03:25]} Qg5 {[%emt 0:00:10]} 36. Re1 {[%emt 0:00:25]} Be5 {[%emt 0:00:51]} 37. Qd7+ {[%emt 0:00:46]} Kh6 {[%emt 0:00:14]} 38. Rf1 {[%emt 0:00:20]} Qh4 {[%emt 0:02:49]} 39. h3 {[%emt 0:00:51]} Qg3 {[%emt 0:01:41]} 40. hxg4 {[%emt 0:00:06]} hxg4 {[%emt 0:01:50]} 41. Rf2 {[%emt 0:00:42]} d3 {[%emt 0:01:44]} 42. Qd8 {[%emt 0:00:06]} Qe3 {[%emt 0:01:18]} 43. Qf8+ {[%emt 0:00:50]} Bg7 {[%emt 0:00:19]} 44. Qf4+ {[%emt 0:00:32]} Qxf4 {[%emt 0:00:04]} 45. Rxf4 {[%emt 0:00:04]} d2 {[%emt 0:00:12]} 46. Rf1 {[%emt 0:00:08]} Bd4+ {[%emt 0:00:26]} 47. Kh2 {[%emt 0:00:19]} Bf2 {[%emt 0:00:26]} 48. Rd1 {[%emt 0:00:57]} Be1 {[%emt 0:00:11]} 49. Kg1 {[%emt 0:00:35]} Kg5 {[%emt 0:02:00]} 50. Kf1 {[%emt 0:00:29]} Kf4 {[%emt 0:00:06]} 51. e5 {[%emt 0:01:10]} Bd3+ {[%emt 0:00:51]} 52. Kg1 {[%emt 0:00:04]} Kxe5 {[%emt 0:00:12]} 53. Bf1 {[%emt 0:00:38]} Kd4 {[%emt 0:00:47]} 54. Ra1 {[%emt 0:00:54]} Bxf1 {[%emt 0:00:50]} 55. Kxf1 {[%emt 0:00:12]} Kc3 {[%emt 0:00:02]} 56. Ke2 {[%emt 0:00:20]} Kb2 {[%emt 0:00:03]} 0-1

[Event "6th Porticcio Open 2019"]
[Site "Porticcio"]
[Date "2019.07.01"]
[Round "4.7"]
[White "Zhigalko, Sergei"]
[Black "Rakotomaharo, Fy Antenaina"]
[Result "1-0"]
[WhiteElo "2594"]
[BlackElo "2419"]
[Annotator "ChessBase"]
[PlyCount "111"]
[EventDate "2019.06.23"]
[EventType "swiss"]
[EventCountry "FRA"]
[SourceTitle "playchess.com"]
[Source "ChessBase"]
[SourceQuality "1"]
[TimeControl "5400+30"]

1. e4 {[%emt 0:00:00]} e5 {[%emt 0:01:10]} 2. Nf3 {[%emt 0:00:00]} Nc6 {[%emt 0:00:05]} 3. Bb5 {[%emt 0:00:00]} a6 {[%emt 0:00:05]} 4. Ba4 {[%emt 0:00:00]} Nf6 {[%emt 0:00:07]} 5. O-O {[%emt 0:00:00]} Be7 {[%emt 0:00:05]} 6. Re1 {[%emt 0:00:00]} b5 {[%emt 0:00:06]} 7. Bb3 {[%emt 0:00:00]} d6 {[%emt 0:00:07]} 8. c3 {[%emt 0:00:00]} O-O {[%emt 0:00:07]} 9. h3 {[%emt 0:00:00]} Bb7 {[%emt 0:00:19]} 10. d4 {[%emt 0:00:40]} Re8 {[%emt 0:00:07]} 11. Nbd2 {[%emt 0:01:49]} Bf8 {[%emt 0:00:46]} 12. a3 {[%emt 0:01:07]} h6 {[%emt 0:00:07]} 13. Bc2 {[%emt 0:01:01]} d5 {[%emt 0:00:28]} 14. dxe5 {[%emt 0:05:20]} Nxe5 {[%emt 0:00:07]} 15. Nxe5 {[%emt 0:02:28]} Rxe5 {[%emt 0:00:06]} 16. Nf3 {[%emt 0:01:14]} Re8 {[%emt 0:11:38]} 17. e5 {[%emt 0:03:12]} Ne4 {[%emt 0:00:08]} 18. Bf4 {[%emt 0:19:21]} g6 {[%emt 0:09:35]} 19. Bxe4 {[%emt 0:25:55]} dxe4 {[%emt 0:00:07]} 20. Nd2 {[%emt 0:00:05]} f5 {[%emt 0:02:42]} 21. exf6 {[%emt 0:00:55]} Qxf6 {[%emt 0:00:07]} 22. Qg4 {[%emt 0:01:06]} Rad8 {[%emt 0:28:49]} 23. Nf1 {[%emt 0:03:53]} Bc8 {[%emt 0:06:15]} 24. Qg3 {[%emt 0:00:13]} c5 {[%emt 0:00:43]} 25. Rad1 {[%emt 0:00:48]} Bf5 {[%emt 0:04:39]} 26. Bc7 {[%emt 0:00:54]} Rxd1 {[%emt 0:03:28]} 27. Rxd1 {[%emt 0:00:03]} b4 {[%emt 0:00:10]} 28. Ne3 {[%emt 0:05:50]} bxa3 {[%emt 0:00:57]} 29. bxa3 {[%emt 0:00:59]} Bg7 {[%emt 0:02:05]} 30. Rd5 {[%emt 0:06:17]} Qxc3 {[%emt 0:05:31]} 31. Nxf5 {[%emt 0:01:55]} gxf5 {[%emt 0:01:08]} 32. Qg6 {[%emt 0:07:57]} Rf8 {[%emt 0:00:12]} 33. Be5 {[%emt 0:00:40]} Qc1+ {[%emt 0:00:06]} 34. Kh2 {[%emt 0:00:05]} Qg5 {[%emt 0:00:04]} 35. Qe6+ {[%emt 0:01:06]} Kh8 {[%emt 0:00:44]} 36. Rxc5 {[%emt 0:02:21]} Bxe5+ {[%emt 0:06:37]} 37. Qxe5+ {[%emt 0:00:01]} Qf6 {[%emt 0:00:07]} 38. Qf4 {[%emt 0:00:24]} Qg5 {[%emt 0:02:28]} 39. Qd6 {[%emt 0:00:49]} Qf6 {[%emt 0:00:06]} 40. Qd5 {[%emt 0:04:08]} Qf7 {[%emt 0:04:54]} 41. Qd4+ {[%emt 0:00:18]} Qf6 {[%emt 0:00:36]} 42. Re5 {[%emt 0:00:30]} Rf7 {[%emt 0:01:35]} 43. Qd5 {[%emt 0:00:29]} Kg7 {[%emt 0:02:29]} 44. Re6 {[%emt 0:01:53]} Qb2 {[%emt 0:01:09]} 45. Rxa6 {[%emt 0:04:26]} Qb8+ {[%emt 0:05:47]} 46. g3 {[%emt 0:00:01]} Qb2 {[%emt 0:00:05]} 47. Qc5 {[%emt 0:00:54]} f4 {[%emt 0:01:58]} 48. gxf4 {[%emt 0:00:08]} Rxf4 {[%emt 0:00:12]} 49. Qc7+ {[%emt 0:00:40]} Rf7 {[%emt 0:00:34]} 50. Qg3+ {[%emt 0:00:04]} Kf8 {[%emt 0:00:20]} 51. Qd6+ {[%emt 0:01:40]} Re7 {[%emt 0:01:15]} 52. Qxh6+ {[%emt 0:00:23]} Ke8 {[%emt 0:00:49]} 53. Qc6+ {[%emt 0:00:11]} Kf8 {[%emt 0:00:46]} 54. Qc8+ {[%emt 0:00:41]} Kg7 {[%emt 0:01:24]} 55. Qg4+ {[%emt 0:00:07]} Kh8 {[%emt 0:00:10]} 56. Ra8+ {[%emt 0:00:19]} 1-0

[Event "6th Porticcio Open 2019"]
[Site "Porticcio"]
[Date "2019.07.01"]
[Round "4.8"]
[White "Kirk, Ezra"]
[Black "Kovchan, Alexander"]
[Result "1/2-1/2"]
[WhiteElo "2428"]
[BlackElo "2566"]
[Annotator "ChessBase"]
[PlyCount "156"]
[EventDate "2019.06.23"]
[EventType "swiss"]
[EventCountry "FRA"]
[SourceTitle "playchess.com"]
[Source "ChessBase"]
[SourceQuality "1"]
[TimeControl "5400+30"]

1. e4 {[%emt 0:00:14]} c5 {[%emt 0:00:00]} 2. Nf3 {[%emt 0:00:05]} d6 {[%emt 0:00:00]} 3. Bb5+ {[%emt 0:00:16]} Bd7 {[%emt 0:00:00]} 4. c4 {[%emt 0:00:08]} g6 {[%emt 0:00:56]} 5. Nc3 {[%emt 0:02:04]} Bg7 {[%emt 0:00:10]} 6. d4 {[%emt 0:00:07]} cxd4 {[%emt 0:00:18]} 7. Nxd4 {[%emt 0:00:06]} Nf6 {[%emt 0:00:08]} 8. Be3 {[%emt 0:00:24]} O-O {[%emt 0:00:25]} 9. Bxd7 {[%emt 0:01:11]} Nbxd7 {[%emt 0:00:10]} 10. O-O {[%emt 0:01:19]} a6 {[%emt 0:05:05]} 11. Rc1 {[%emt 0:02:28]} Rc8 {[%emt 0:09:20]} 12. b3 {[%emt 0:00:09]} e6 {[%emt 0:01:02]} 13. Nde2 {[%emt 0:18:00]} Nc5 {[%emt 0:06:13]} 14. f3 {[%emt 0:00:34]} Qa5 {[%emt 0:09:21]} 15. Rb1 {[%emt 0:09:57]} Qc7 {[%emt 0:01:21]} 16. Qd2 {[%emt 0:00:53]} Rfd8 {[%emt 0:01:27]} 17. Rfd1 {[%emt 0:01:11]} Qe7 {[%emt 0:11:01]} 18. Kh1 {[%emt 0:17:43]} Qe8 {[%emt 0:04:55]} 19. a4 {[%emt 0:02:41]} b6 {[%emt 0:02:13]} 20. Bg5 {[%emt 0:03:42]} Nb7 {[%emt 0:08:43]} 21. Qf4 {[%emt 0:02:35]} Qe7 {[%emt 0:00:45]} 22. Qh4 {[%emt 0:02:27]} Nc5 {[%emt 0:12:48]} 23. Ng3 {[%emt 0:03:42]} Ncd7 {[%emt 0:03:44]} 24. e5 {[%emt 0:03:17]} Nxe5 {[%emt 0:01:28]} 25. Nce4 {[%emt 0:07:06]} Ned7 {[%emt 0:00:12]} 26. Rxd6 {[%emt 0:06:42]} h6 {[%emt 0:01:50]} 27. Bxh6 {[%emt 0:00:36]} Bxh6 {[%emt 0:00:28]} 28. Qxh6 {[%emt 0:00:48]} Ne8 {[%emt 0:04:22]} 29. Rd2 Nf8 {[%emt 0:02:37]} 30. Rbd1 {[%emt 0:03:58]} f5 {[%emt 0:01:04]} 31. Nf2 {[%emt 0:02:51]} Rxd2 {[%emt 0:00:38]} 32. Qxd2 {[%emt 0:00:05]} a5 {[%emt 0:00:27]} 33. Ne2 {[%emt 0:00:48]} Rc7 {[%emt 0:01:42]} 34. Qe3 {[%emt 0:00:52]} Qc5 {[%emt 0:00:57]} 35. Qxc5 {[%emt 0:00:17]} bxc5 {[%emt 0:01:30]} 36. Nd3 {[%emt 0:00:14]} Nd7 {[%emt 0:01:11]} 37. Nc3 {[%emt 0:00:14]} g5 {[%emt 0:02:41]} 38. Re1 {[%emt 0:02:30]} Kf7 {[%emt 0:00:24]} 39. f4 {[%emt 0:00:37]} gxf4 {[%emt 0:00:25]} 40. Nxf4 {[%emt 0:00:11]} e5 {[%emt 0:00:46]} 41. Nfd5 {[%emt 0:00:23]} Rc8 {[%emt 0:00:52]} 42. Ne3 {[%emt 0:01:14]} Ke6 {[%emt 0:00:30]} 43. Rd1 {[%emt 0:01:29]} Nef6 {[%emt 0:00:47]} 44. Nb5 {[%emt 0:00:23]} Ne4 {[%emt 0:00:50]} 45. Kg1 {[%emt 0:00:18]} Ndf6 {[%emt 0:00:25]} 46. Nd5 {[%emt 0:00:40]} Ne8 {[%emt 0:04:05]} 47. Nbc3 {[%emt 0:01:27]} Nxc3 {[%emt 0:00:43]} 48. Nxc3 {[%emt 0:00:04]} Nf6 {[%emt 0:00:40]} 49. h3 {[%emt 0:01:33]} f4 {[%emt 0:01:12]} 50. Re1 {[%emt 0:02:06]} Rg8 {[%emt 0:01:01]} 51. Kf2 {[%emt 0:01:00]} Rg3 {[%emt 0:00:28]} 52. Ne2 {[%emt 0:00:53]} Ne4+ {[%emt 0:00:11]} 53. Kf1 {[%emt 0:00:23]} Nd2+ {[%emt 0:00:02]} 54. Kf2 {[%emt 0:00:08]} Ne4+ {[%emt 0:00:12]} 55. Kf1 {[%emt 0:00:03]} Re3 {[%emt 0:00:31]} 56. Nxf4+ {[%emt 0:00:38]} exf4 {[%emt 0:00:05]} 57. Rxe3 {[%emt 0:00:03]} fxe3 {[%emt 0:00:08]} 58. Ke2 {[%emt 0:00:03]} Nd2 {[%emt 0:01:12]} 59. Kxe3 {[%emt 0:00:05]} Nxb3 {[%emt 0:00:32]} 60. g4 {[%emt 0:00:19]} Nd4 {[%emt 0:00:23]} 61. h4 {[%emt 0:00:20]} Nc6 {[%emt 0:01:23]} 62. h5 {[%emt 0:01:24]} Ne5 {[%emt 0:00:05]} 63. g5 {[%emt 0:00:55]} Nxc4+ {[%emt 0:00:30]} 64. Kf4 {[%emt 0:00:31]} Ne5 {[%emt 0:01:13]} 65. Ke4 {[%emt 0:01:20]} Nd7 {[%emt 0:00:26]} 66. Kf4 {[%emt 0:00:53]} Ne5 {[%emt 0:01:14]} 67. Ke4 Nd7 {[%emt 0:00:02]} 68. Kf4 {[%emt 0:00:12]} Nb6 {[%emt 0:00:20]} 69. Ke4 {[%emt 0:00:45]} Nxa4 {[%emt 0:00:11]} 70. h6 {[%emt 0:00:11]} Nc3+ {[%emt 0:00:20]} 71. Kd3 {[%emt 0:00:16]} Nd5 {[%emt 0:00:24]} 72. h7 {[%emt 0:00:06]} Nf4+ {[%emt 0:00:14]} 73. Kc4 {[%emt 0:00:05]} Ng6 {[%emt 0:00:08]} 74. Kxc5 {[%emt 0:00:04]} Kf7 {[%emt 0:00:17]} 75. Kb5 {[%emt 0:00:05]} Kg7 {[%emt 0:00:03]} 76. Kxa5 {[%emt 0:00:05]} Kxh7 {[%emt 0:00:02]} 77. Ka4 {[%emt 0:00:04]} Ne5 {[%emt 0:00:04]} 78. g6+ {[%emt 0:00:04]} Kxg6 {[%emt 0:00:03]} 1/2-1/2

[Event "6th Porticcio Open 2019"]
[Site "Porticcio"]
[Date "2019.07.02"]
[Round "5.1"]
[White "Onischuk, Vladimir"]
[Black "Donchenko, Alexander"]
[Result "0-1"]
[WhiteElo "2630"]
[BlackElo "2618"]
[Annotator "TA"]
[PlyCount "88"]
[EventDate "2019.06.23"]
[EventType "swiss"]
[EventCountry "FRA"]
[SourceTitle "playchess.com"]
[Source "ChessBase"]
[SourceQuality "1"]

{[%evp 10,88,23,0,0,0,0,-10,-14,-35,-35,-37,-35,-35,-39,-43,-40,-37,-29,-49,-49,-38,-38,-52,-28,-145,-139,-139,-132,-145,-141,-146,-135,-142,-137,-339,-354,-354,-293,-320,-330,-320,-327,-308,-326,-383,-397,-406,-397,-405,-396,-395,-385,-424,-437,-427,-407,-494,-497,-502,-491,-496,-496,-526,-525,-560,-494,-587,-564,-603,-626,-618,-613,-715,-714,-980,-939,-820,-737,-878,-836]} 1. e4 c5 2. Ne2 Nf6 3. Nbc3 d5 4. exd5 Nxd5 5. Nxd5 Qxd5 6. Nc3 Qd8 {B20: Sicilian: Unusual White 2nd moves} 7. g3 h5 (7... Bd7 8. d4 cxd4 9. Qxd4 Nc6 10. Qe4 f5 11. Qc4 Ne5 12. Qd5 {1-0 (49) Hou,Y (2629)-Ju,W (2532) Lopota 2014}) 8. Bg2 Bg4 {The position is equal.} 9. Ne2 $146 (9. f3 {is interesting.} Bf5 10. d3 Nc6 11. Be3 e6 12. O-O) ({Predecessor:} 9. f3 Bf5 10. d3 Nc6 11. Be3 e6 12. f4 {0-1 (47) Khakimov,T (2288)-Kalegin,E (2462) Ufa 2009}) 9... Nc6 {aiming for ...Nd4.} 10. h3 Bf5 11. d3 g6 12. Be3 Bg7 13. c3 O-O 14. Nc1 Qd6 15. g4 hxg4 16. hxg4 Bd7 17. Nb3 (17. f4 $11 {remains equal.}) 17... Ne5 $1 $17 {[%csl LRd3,LRg4][%mdl 64] Double Attack} 18. Nxc5 Bxg4 19. f3 {[#]} Nxf3+ $1 {[%mdl 576] Decoy} 20. Bxf3 Qg3+ {[%mdl 64] Double Attack} 21. Kd2 Bxf3 22. Qf1 $2 (22. Qg1 $17 Qe5 23. Rh3) 22... Bxh1 $19 23. Qxh1 {and the idea Ne4 leaves White hopeful.} Be5 24. d4 Bf4 25. Re1 Kg7 26. Qe4 Qf2+ 27. Re2 Bxe3+ {[%mdl 64] Pin} 28. Kd3 Qf4 29. Qxe3 Qxe3+ 30. Rxe3 {[%mdl 4096] Endgame KRR-KRN} e6 31. b4 b6 32. Ne4 b5 33. c4 bxc4+ {Black is clearly winning.} 34. Kxc4 Rac8+ 35. Nc5 g5 36. a4 g4 37. b5 Kg6 38. a5 Kg5 39. b6 axb6 40. axb6 Kh4 41. b7 Rc7 42. Rb3 Rb8 43. Kd3 g3 44. Ke2 {[#]} e5 $1 {Accuracy: White = 35%, Black = 99%.} 0-1

[Event "6th Porticcio Open 2019"]
[Site "Porticcio"]
[Date "2019.07.02"]
[Round "5.2"]
[White "Lagarde, Maxime"]
[Black "Libiszewski, Fabien"]
[Result "1-0"]
[WhiteElo "2599"]
[BlackElo "2518"]
[Annotator "ChessBase"]
[PlyCount "91"]
[EventDate "2019.06.23"]
[EventType "swiss"]
[EventCountry "FRA"]
[SourceTitle "playchess.com"]
[Source "ChessBase"]
[SourceQuality "1"]
[TimeControl "5400+30"]

1. e4 {[%emt 0:02:12]} e6 {[%emt 0:00:00]} 2. d4 {[%emt 0:00:51]} d5 {[%emt 0:00:00]} 3. Nc3 {[%emt 0:00:08]} Nf6 {[%emt 0:00:20]} 4. e5 {[%emt 0:00:05]} Nfd7 {[%emt 0:00:11]} 5. Nce2 {[%emt 0:00:03]} c5 {[%emt 0:01:16]} 6. c3 {[%emt 0:00:08]} Nc6 {[%emt 0:00:49]} 7. f4 {[%emt 0:00:07]} cxd4 {[%emt 0:07:47]} 8. cxd4 {[%emt 0:03:42]} f5 {[%emt 0:00:35]} 9. Nf3 {[%emt 0:01:39]} Be7 {[%emt 0:00:38]} 10. Nc3 {[%emt 0:03:11]} Nb6 {[%emt 0:02:14]} 11. Bd3 {[%emt 0:00:56]} Bd7 {[%emt 0:02:28]} 12. h3 {[%emt 0:05:02]} O-O {[%emt 0:09:39]} 13. g4 {[%emt 0:00:53]} Be8 {[%emt 0:00:38]} 14. a3 {[%emt 0:09:19]} a5 {[%emt 0:10:54]} 15. Ne2 {[%emt 0:01:52]} a4 {[%emt 0:04:47]} 16. gxf5 {[%emt 0:15:52]} Bh4+ {[%emt 0:10:49]} 17. Kf1 {[%emt 0:02:59]} exf5 {[%emt 0:04:25]} 18. Be3 {[%emt 0:04:21]} Na5 {[%emt 0:03:33]} 19. Bf2 {[%emt 0:10:24]} Bxf2 {[%emt 0:06:06]} 20. Kxf2 {[%emt 0:00:04]} Nb3 {[%emt 0:03:14]} 21. Ng3 {[%emt 0:00:20]} Nxa1 {[%emt 0:01:35]} 22. Qxa1 {[%emt 0:00:05]} Nc4 {[%emt 0:05:46]} 23. Re1 {[%emt 0:04:14]} g6 {[%emt 0:07:48]} 24. h4 {[%emt 0:04:08]} Rc8 {[%emt 0:01:26]} 25. Re2 {[%emt 0:10:41]} Qb6 {[%emt 0:02:26]} 26. h5 {[%emt 0:01:54]} Rc7 {[%emt 0:02:02]} 27. hxg6 {[%emt 0:05:24]} hxg6 {[%emt 0:00:38]} 28. Kg2 {[%emt 0:00:16]} Na5 {[%emt 0:01:50]} 29. Qg1 {[%emt 0:07:56]} Nb3 {[%emt 0:02:30]} 30. Re1 {[%emt 0:00:15]} Bb5 {[%emt 0:02:40]} 31. Bb1 {[%emt 0:00:03]} Rfc8 {[%emt 0:00:35]} 32. e6 {[%emt 0:00:55]} Be8 {[%emt 0:01:40]} 33. e7 {[%emt 0:03:16]} Rc1 {[%emt 0:01:47]} 34. Nxf5 {[%emt 0:01:39]} gxf5 {[%emt 0:01:14]} 35. Bxf5 {[%emt 0:00:04]} Rxe1 {[%emt 0:01:22]} 36. Qxe1 {[%emt 0:00:06]} Rc6 {[%emt 0:00:26]} 37. Qe5 {[%emt 0:02:28]} Rd6 {[%emt 0:01:21]} 38. Ng5 {[%emt 0:00:18]} Rh6 {[%emt 0:00:58]} 39. Ne6 {[%emt 0:00:48]} Rxe6 {[%emt 0:00:31]} 40. Bxe6+ {[%emt 0:00:04]} Kh7 {[%emt 0:00:04]} 41. Qf5+ {[%emt 0:00:13]} Bg6 {[%emt 0:00:46]} 42. Qxg6+ {[%emt 0:00:09]} Kxg6 {[%emt 0:00:04]} 43. e8=Q+ {[%emt 0:00:05]} Kh6 {[%emt 0:00:42]} 44. Qf8+ {[%emt 0:00:17]} Kh5 {[%emt 0:00:18]} 45. Qf5+ {[%emt 0:00:06]} Kh6 {[%emt 0:00:04]} 46. Qf6+ {[%emt 0:00:02]} 1-0